000 00423nam a2200169Ia 4500
003 GCL
008 140319s9999 xx 000 0 ara d
040 _aGCL /
_cGCL
082 0 4 _aط
_b813.02
_bم س
100 1 _aمجدى نصيف
245 1 0 _aالسيد طويل /
_cمجدى نصيف
300 _a34 ص
490 _a100 قصة
_v0
650 0 4 _aالاطفال
650 0 4 _aقصص الاطفال
942 _2ddc
_cBK
999 _c44953
_d44953